000 00603cam a22002291 4500
001 sa 68017503
003 DLC
005 20260227112703.0
008 721106s1965 xx 000 0 eng
010 _asa 68017503
035 _a(OCoLC)486513
040 _aDLC
_cOAU
_dOCoLC
_dDLC
042 _apremarc
050 0 0 _aBR115.P7
_bK85
110 2 _aKursus Kader Katolik.
245 1 0 _aPolitik.
260 _aDjakarta,
_bK. K. K.
_c[1965 or 6]
300 _a72 p.
_c17 cm.
490 1 _aIts [Publikasi]
_v1
650 0 _aChristianity and politics.
810 2 _aKursus Kader Katolik.
_t[Publikasi]
_v1.
999 _c87757
_d87757